<?xml version="1.0" encoding="UTF-8"?>
<collection xmlns="http://www.loc.gov/MARC21/slim">
 <record>
  <leader>01076nam a22001817a 4500</leader>
  <controlfield tag="001">NCT_4_002585</controlfield>
  <controlfield tag="008">240115b        xxu||||| |||| 00| 0 vie d</controlfield>
  <datafield tag="999" ind1=" " ind2=" ">
   <subfield code="c">7994</subfield>
   <subfield code="d">7994</subfield>
  </datafield>
  <datafield tag="020" ind1=" " ind2=" ">
   <subfield code="a">9786043180374</subfield>
  </datafield>
  <datafield tag="082" ind1="0" ind2="4">
   <subfield code="2">23rd ed.</subfield>
   <subfield code="a">294.382</subfield>
   <subfield code="b">T104T/Q.2</subfield>
  </datafield>
  <datafield tag="245" ind1="0" ind2="0">
   <subfield code="a">Tam tạng Thánh điển Phật giáo Việt Nam</subfield>
   <subfield code="p">Tam Tạng Thượng Tọa Bộ</subfield>
   <subfield code="n">2</subfield>
   <subfield code="b">Kinh Trung bộ (Majjhima Nikâya)</subfield>
   <subfield code="c">Hòa thượng Thích Minh Châu (Dịch)</subfield>
  </datafield>
  <datafield tag="260" ind1=" " ind2=" ">
   <subfield code="a">H.</subfield>
   <subfield code="b">Hồng Đức</subfield>
   <subfield code="c">2020</subfield>
  </datafield>
  <datafield tag="300" ind1=" " ind2=" ">
   <subfield code="a">1171tr.</subfield>
   <subfield code="c">27 cm</subfield>
  </datafield>
  <datafield tag="520" ind1="3" ind2=" ">
   <subfield code="a">Tam tạng thánh điển Phật Giáo Việt Nam là một kho tàng pháp bảo đầy đủ của Phật giáo Việt Nam, gồm Kinh, Luật, Luận, Sớ giải, Sử và các tác phẩm liên quan đến Phật giáo Việt Nam.</subfield>
  </datafield>
  <datafield tag="653" ind1=" " ind2=" ">
   <subfield code="a">Tham khảo</subfield>
  </datafield>
  <datafield tag="942" ind1=" " ind2=" ">
   <subfield code="2">ddc</subfield>
   <subfield code="c">BK</subfield>
  </datafield>
  <datafield tag="952" ind1=" " ind2=" ">
   <subfield code="0">0</subfield>
   <subfield code="1">0</subfield>
   <subfield code="2">ddc</subfield>
   <subfield code="4">0</subfield>
   <subfield code="6">294_382000000000000_T104T_Q_2</subfield>
   <subfield code="7">0</subfield>
   <subfield code="9">28375</subfield>
   <subfield code="a">000001</subfield>
   <subfield code="b">000001</subfield>
   <subfield code="d">2024-01-15</subfield>
   <subfield code="l">1</subfield>
   <subfield code="o">294.382 T104T/Q.2</subfield>
   <subfield code="p">TK.03821</subfield>
   <subfield code="r">2025-10-13</subfield>
   <subfield code="s">2025-10-13</subfield>
   <subfield code="w">2024-01-15</subfield>
   <subfield code="y">BK</subfield>
  </datafield>
  <datafield tag="980" ind1=" " ind2=" ">
   <subfield code="a">Thư viện Trường Đại học Nam Cần Thơ</subfield>
  </datafield>
 </record>
</collection>
